[Event "39th ECC Open 2024"]
[Site "Vrnjacka Banja SRB"]
[Date "2024.10.24"]
[Round "5.2"]
[White "Vincent Keymer"]
[Black "Andrei Volokitin"]
[Result "1/2-1/2"]
[EventDate "2024.10.20"]
[WhiteElo "2721"]
[BlackElo "2648"]
[PlyCount "186"]
[WhiteTeam "Novy Bor Chess Club"]
[BlackTeam "Tuxera Aquaprofit Nagykanizsai Sakk Klub"]

1. d4 Nf6 2. c4 e6 3. Nf3 d5 4. g3 Bb4+ 5. Bd2 Be7 6. Bg2 c6 7. O-O O-O 8. b3 dxc4 9. bxc4 c5 10. dxc5 Bd7 11. Ne5 Bc6 12. Nxc6 Nxc6 13. Nc3 Bxc5 14. Rb1 Qe7 15. Bg5 Rac8 16. Ne4 b6 17. Qc1 Bd4 18. e3 h6 19. Bh4 g5 20. Nxg5 hxg5 21. Bxg5 Bc5 22. f4 Kg7 23. Qc3 Rfd8 24. Kh1 Rd6 25. h4 e5 26. h5 Rh8 27. h6+ Kg8 28. Rbd1 Rxd1 29. Rxd1 Qe6 30. Kg1 Ng4 31. fxe5 Qxe5 32. Qxe5 Ngxe5 33. Bf4 f6 34. Bd5+ Kf8 35. Bxc6 Nxc6 36. Rd7 Ke8 37. Rc7 Ne7 38. Rxa7 Kf7 39. a4 Ke6 40. Kg2 Ng6 41. a5 bxa5 42. Rxa5 Bf8 43. g4 Bxh6 44. Bxh6 Rxh6 45. g5 fxg5 46. Rxg5 Ne5 47. Rg8 Nxc4 48. Kg3 Rf6 49. Re8+ Kd5 50. Rd8+ Nd6 51. Kg2 Ke4 52. Ra8 Nc4 53. Ra4 Kd3 54. Kg3 Rf8 55. Ra7 Ke2 56. Kg4 Nxe3+ 57. Kg5 Kf3 58. Ra3 Ke4 59. Ra4+ Ke5 60. Ra5+ Nd5 61. Kg4 Rf1 62. Kg3 Rb1 63. Ra3 Ke4 64. Ra4+ Nb4 65. Ra8 Rb3+ 66. Kg4 Nc6 67. Ra4+ Nd4 68. Ra8 Nc6 69. Ra4+ Ke5 70. Ra8 Rb1 71. Re8+ Kd5 72. Kg3 Ne5 73. Ra8 Rb4 74. Ra1 Rb3+ 75. Kg2 Nf3 76. Ra8 Ke4 77. Kf2 Rb2+ 78. Kg3 Rb7 79. Kf2 Rf7 80. Re8+ Ne5+ 81. Ke2 Rc7 82. Kd2 Rc6 83. Re7 Rc8 84. Re6 Kd5 85. Rh6 Rg8 86. Rh3 Ra8 87. Rh5 Ra3 88. Kc2 Rg3 89. Rh8 Nd3 90. Rd8+ Ke4 91. Re8+ Kd4 92. Rd8+ Kc4 93. Rc8+ Nc5 1/2-1/2

[Event "39th ECC Open 2024"]
[Site "Vrnjacka Banja SRB"]
[Date "2024.10.23"]
[Round "4.3"]
[White "Vincent Keymer"]
[Black "Alexey Sarana"]
[Result "1-0"]
[EventDate "2024.10.20"]
[WhiteElo "2721"]
[BlackElo "2717"]
[PlyCount "90"]
[WhiteTeam "Novy Bor Chess Club"]
[BlackTeam "Sentimento Ajka BSK"]

1. d4 Nf6 2. c4 e6 3. Nf3 d5 4. Nc3 Bb4 5. cxd5 exd5 6. Bf4 O-O 7. e3 Bf5 8. Qb3 Nc6 9. Be2 Ne4 10. O-O Bxc3 11. bxc3 Na5 12. Qb4 b6 13. h3 Re8 14. Rac1 h6 15. Rfd1 Nd6 16. Nd2 Be6 17. Re1 Qd7 18. f3 Nac4 19. Nxc4 Nxc4 20. Bxc4 dxc4 21. e4 c6 22. g4 f6 23. Bg3 Bf7 24. Qb2 b5 25. f4 a5 26. f5 c5 27. d5 b4 28. Qd2 b3 29. h4 Ra6 30. g5 Bh5 31. d6 Rd8 32. Qd5+ Qf7 33. Qxc5 Qa7 34. Qxa7 Rxa7 35. g6 Ra6 36. axb3 cxb3 37. c4 a4 38. c5 Rc6 39. e5 Bg4 40. e6 Bxf5 41. e7 Re8 42. Rc4 a3 43. Rc3 b2 44. Rxa3 Rxc5 45. Ra8 1-0

[Event "39th ECC Open 2024"]
[Site "Vrnjacka Banja SRB"]
[Date "2024.10.21"]
[Round "2.3"]
[White "Vincent Keymer"]
[Black "Filip Boe Olsen"]
[Result "1-0"]
[EventDate "2024.10.20"]
[WhiteElo "2721"]
[BlackElo "2444"]
[PlyCount "126"]
[WhiteTeam "Novy Bor Chess Club"]
[BlackTeam "C.A. Silla Integrant Col-lectius"]

1. Nf3 d5 2. b3 Nf6 3. Bb2 c5 4. e3 e6 5. d4 cxd4 6. exd4 Nc6 7. Nbd2 g6 8. Bd3 Bg7 9. O-O O-O 10. Re1 Re8 11. Ne5 Nd7 12. Ndf3 f6 13. Nxd7 Bxd7 14. c4 Rc8 15. h4 Qa5 16. a3 dxc4 17. Bxc4 Qf5 18. d5 exd5 19. Bxd5+ Kh8 20. Be4 Qg4 21. Qd6 Qe6 22. Rad1 Qxd6 23. Rxd6 Bg4 24. Bxc6 bxc6 25. Rxe8+ Rxe8 26. Rxc6 Rb8 27. Nd2 Kg8 28. Bxf6 Bf8 29. Rc7 a5 30. Be5 Bf5 31. Bc3 Re8 32. Nc4 a4 33. bxa4 Rd8 34. Ne3 Rc8 35. Rxc8 Bxc8 36. Bb4 Bg7 37. a5 Kf7 38. Nc4 Ke6 39. Nd6 Ba6 40. Ne4 Kd5 41. f3 Bd4+ 42. Kh1 h5 43. Bc3 Bc5 44. Bb4 Bd4 45. g3 Bf1 46. Nd2 Bd3 47. Kg2 Be3 48. Ne4 Bd4 49. a4 Bc2 50. Bc3 Bc5 51. Be1 Bd4 52. Bf2 Be5 53. a6 Bxa4 54. a7 Bc6 55. Nc5 Bd6 56. Nd7 Bc7 57. Nf8 Ke5 58. Nxg6+ Kf6 59. Nf4 Bxf4 60. gxf4 Kf5 61. Kg3 Bb7 62. Bb6 Bc6 63. Bd8 1-0

[Event "39th ECC Open 2024"]
[Site "Vrnjacka Banja SRB"]
[Date "2024.10.20"]
[Round "1.3"]
[White "Vincent Keymer"]
[Black "Jasper Beukema"]
[Result "1-0"]
[EventDate "2024.10.20"]
[WhiteElo "2721"]
[BlackElo "2368"]
[PlyCount "96"]
[WhiteTeam "Novy Bor Chess Club"]
[BlackTeam "De Stukkenjagers"]

1. e4 e5 2. Nf3 Nc6 3. Bb5 Nf6 4. d3 Bc5 5. Bxc6 dxc6 6. Qe2 Qe7 7. Nbd2 Bg4 8. h3 Bxf3 9. Qxf3 Nd7 10. O-O Nf8 11. Nc4 f6 12. c3 a6 13. b4 Ba7 14. Na5 Rb8 15. Be3 Bb6 16. Bxb6 cxb6 17. Nc4 b5 18. Ne3 Ne6 19. Nf5 Qd7 20. d4 exd4 21. Rad1 O-O 22. cxd4 g6 23. Qg4 Kh8 24. Ne3 Qe7 25. d5 Ng5 26. Rd4 Nf7 27. Rfd1 Rbd8 28. h4 Rg8 29. h5 Ne5 30. Qe6 Rge8 31. f4 Nf7 32. hxg6 hxg6 33. Qg4 Kh7 34. Kf2 Nh6 35. Qh3 f5 36. Rh1 Qg7 37. e5 Rh8 38. Qh4 Rd7 39. d6 Kg8 40. Qg5 Kf7 41. Rdd1 Ke6 42. Rxh6 Rxh6 43. Nc2 Kf7 44. Nd4 Kg8 45. Ne6 Qf7 46. Qxh6 Qxe6 47. Kg1 Rg7 48. Qxg7+ 1-0

[Event "60th Rubinstein Mem"]
[Site "Polanica-Zdroj POL"]
[Date "2024.08.25"]
[Round "9.1"]
[White "Jan-Krzysztof Duda"]
[Black "Vincent Keymer"]
[Result "1-0"]
[EventDate "2024.08.17"]
[WhiteElo "2733"]
[BlackElo "2719"]
[PlyCount "76"]

1. e4 e5 2. Nf3 Nc6 3. Nc3 Nf6 4. Bb5 Bd6 5. d3 O-O 6. a3 h6 7. h3 Nd4 8. Bc4 c6 9. Be3 b5 10. Ba2 Nxf3+ 11. Qxf3 Nh7 12. h4 Qf6 13. Qe2 b4 14. axb4 Bxb4 15. Bd2 d6 16. g4 Bxc3 17. Bxc3 Be6 18. Bc4 Qg6 19. Ra6 Bxg4 20. Rg1 Bxe2 21. Rxg6 d5 22. exd5 fxg6 23. dxc6+ Kh8 24. Kxe2 g5 25. hxg5 Nxg5 26. c7 Rfe8 27. Rc6 Rac8 28. Ba6 Nf7 29. Bxc8 Rxc8 30. d4 exd4 31. Bxd4 Kg8 32. b4 Kf8 33. Bc5+ Kg8 34. Bxa7 Ne5 35. Rc3 Ng6 36. b5 Nf4+ 37. Kf1 Nd5 38. b6 1-0

[Event "60th Rubinstein Mem"]
[Site "Polanica-Zdroj POL"]
[Date "2024.08.24"]
[Round "8"]
[White "Vincent Keymer"]
[Black "Sam Shankland"]
[Result "0-1"]
[EventDate "2024.08.17"]
[WhiteElo "2719"]
[BlackElo "2669"]
[PlyCount "132"]

1. Nf3 Nf6 2. c4 g6 3. Nc3 d5 4. cxd5 Nxd5 5. h4 c5 6. h5 Nc6 7. hxg6 fxg6 8. g3 Bg7 9. Bg2 Bf5 10. Qb3 Ndb4 11. O-O Nc2 12. Ng5 Ne5 13. Qa4+ Qd7 14. Qxd7+ Kxd7 15. Rb1 Nd4 16. d3 c4 17. Be3 Ndc6 18. Rbd1 cxd3 19. exd3 h6 20. d4 Nc4 21. d5 N6a5 22. Ne6 Bxc3 23. bxc3 Nxe3 24. fxe3 Rac8 25. Nf4 Nc4 26. e4 Bg4 27. Rd4 Ne5 28. Rc1 Kd6 29. Nd3 Rc7 30. Nxe5 Kxe5 31. Kf2 Rhc8 32. Rd3 Rc5 33. Ke3 h5 34. Kd2 Rf8 35. Ke3 b6 36. Rd2 Bd7 37. Bf1 Ra5 38. Bd3 Ra3 39. Rdc2 g5 40. Rh1 Bg4 41. Rf1 Rxf1 42. Bxf1 Bd7 43. Bd3 Be8 44. Kd2 Bg6 45. Kc1 Bxe4 46. Bxe4 Kxe4 47. Kb2 Ra5 48. c4 Kf3 49. Rh2 Kg4 50. Re2 Rc5 51. Rxe7 Rxc4 52. d6 Rd4 53. d7 Kf3 54. Kc3 Rd6 55. a3 g4 56. a4 a6 57. Kc2 b5 58. a5 b4 59. Rh7 Kxg3 60. Rxh5 Rxd7 61. Rh6 Ra7 62. Kb3 Kf4 63. Kxb4 Kg5 64. Rc6 g3 65. Rc5+ Kh4 66. Rc6 Rg7 0-1

[Event "60th Rubinstein Mem"]
[Site "Polanica-Zdroj POL"]
[Date "2024.08.23"]
[Round "7.3"]
[White "David Navara"]
[Black "Vincent Keymer"]
[Result "1/2-1/2"]
[EventDate "2024.08.17"]
[WhiteElo "2674"]
[BlackElo "2719"]
[PlyCount "72"]

1. d4 Nf6 2. c4 e6 3. Nf3 d5 4. Nc3 c6 5. Bg5 Nbd7 6. e3 Qa5 7. Nd2 dxc4 8. Bxf6 Nxf6 9. Nxc4 Qc7 10. Rc1 Bd6 11. f4 Be7 12. Be2 O-O 13. Bf3 Rd8 14. O-O Bd7 15. Ne4 Nd5 16. Qe2 Be8 17. a3 b6 18. Ne5 c5 19. dxc5 bxc5 20. b4 Rab8 21. Nxc5 Bb5 22. Qe1 Qb6 23. Be2 Rbc8 24. Bxb5 Qxb5 25. Nb3 Qa4 26. Nd4 Qxa3 27. Ndc6 Re8 28. Nxe7+ Nxe7 29. Ra1 Qb2 30. Rf2 Qb3 31. Rxa7 f6 32. Nf3 Nc6 33. Nd4 Nxd4 34. exd4 Rc3 35. h3 Qc4 36. Qe4 Qxb4 1/2-1/2

[Event "60th Rubinstein Mem"]
[Site "Polanica-Zdroj POL"]
[Date "2024.08.22"]
[Round "6"]
[White "Vincent Keymer"]
[Black "Andrei Volokitin"]
[Result "1-0"]
[EventDate "2024.08.17"]
[WhiteElo "2719"]
[BlackElo "2667"]
[PlyCount "72"]

1. c4 Nf6 2. Nf3 c5 3. g3 Nc6 4. Bg2 d5 5. cxd5 Nxd5 6. Nc3 Nc7 7. a3 g6 8. h4 Bg4 9. Qb3 Bg7 10. Qxb7 Bd7 11. Qb3 Rb8 12. Qd1 Be6 13. Qa4 Bd7 14. d3 Nd4 15. Qd1 Bc6 16. h5 Nxf3+ 17. Bxf3 Bxf3 18. exf3 O-O 19. hxg6 hxg6 20. Kf1 Qd7 21. Kg2 Rfd8 22. Qg1 f5 23. Bh6 Rxb2 24. Bxg7 Kxg7 25. Qc1 Rbb8 26. Qh6+ Kf7 27. Qh7+ Kf6 28. Qh4+ Kg7 29. Rae1 Ne6 30. Qc4 Rb6 31. Na4 Rc6 32. Nb2 Rb6 33. Qc1 Rbb8 34. Qe3 Nf8 35. Nc4 Kg8 36. Qh6 1-0

[Event "60th Rubinstein Mem"]
[Site "Polanica-Zdroj POL"]
[Date "2024.08.21"]
[Round "5"]
[White "R Wojtaszek"]
[Black "Vincent Keymer"]
[Result "1/2-1/2"]
[EventDate "2024.08.17"]
[WhiteElo "2680"]
[BlackElo "2719"]
[PlyCount "62"]

1. d4 Nf6 2. c4 e6 3. Nc3 Bb4 4. Qc2 O-O 5. e4 d5 6. e5 Ne4 7. Bd3 c5 8. Nf3 cxd4 9. Nxd4 Nd7 10. Bf4 Qh4 11. g3 Qh5 12. O-O g5 13. cxd5 Bxc3 14. bxc3 exd5 15. Be3 Nxe5 16. f3 Nc5 17. Bf5 Ne6 18. g4 Qh6 19. Rae1 Nxd4 20. Bxd4 Nc6 21. Be3 Bxf5 22. Qxf5 Qg6 23. Qxg6+ fxg6 24. Bxg5 d4 25. cxd4 Nxd4 26. Kg2 Nc6 27. Re4 Rae8 28. Rfe1 Rxe4 29. Rxe4 Kg7 30. Kf2 Rf7 31. Bd2 1/2-1/2

[Event "60th Rubinstein Mem"]
[Site "Polanica-Zdroj POL"]
[Date "2024.08.20"]
[Round "4"]
[White "Vincent Keymer"]
[Black "Vl3 Fedoseev"]
[Result "1-0"]
[EventDate "2024.08.17"]
[WhiteElo "2719"]
[BlackElo "2687"]
[PlyCount "96"]

1. d4 d5 2. c4 dxc4 3. Nf3 Nf6 4. e3 e6 5. Bxc4 c5 6. O-O a6 7. Be2 Bd7 8. dxc5 Nc6 9. a3 Bxc5 10. b4 Be7 11. Bb2 O-O 12. Nbd2 Na7 13. Nc4 Bc6 14. Qxd8 Raxd8 15. Rac1 Nb5 16. Nfe5 Be4 17. f3 Bg6 18. Kf2 Ne8 19. Rfd1 Rxd1 20. Bxd1 Ned6 21. Na5 Bf6 22. a4 Na7 23. Bb3 b6 24. Nac6 Rc8 25. Nxa7 Rxc1 26. Bxc1 Bxe5 27. Nc6 Bc3 28. e4 Kf8 29. Be3 Nc8 30. Bc4 Ne7 31. Nxe7 Kxe7 32. Bxb6 Bxb4 33. Bxa6 Kd6 34. Bb5 f6 35. Ke2 Bc5 36. Ba5 e5 37. Kd2 Bf7 38. Kc2 h5 39. Be1 g5 40. h3 g4 41. hxg4 hxg4 42. fxg4 Kc7 43. Ba5+ Kc8 44. Bd2 Be7 45. a5 Be6 46. Be3 Kc7 47. a6 Bc8 48. Bc4 1-0

[Event "60th Rubinstein Mem"]
[Site "Polanica-Zdroj POL"]
[Date "2024.08.19"]
[Round "3.3"]
[White "Pentala Harikrishna"]
[Black "Vincent Keymer"]
[Result "0-1"]
[EventDate "2024.08.17"]
[WhiteElo "2692"]
[BlackElo "2719"]
[PlyCount "116"]

1. e4 c5 2. Nf3 d6 3. d4 cxd4 4. Nxd4 Nf6 5. Nc3 a6 6. Bd3 g6 7. O-O Bg7 8. Re1 O-O 9. Bg5 h6 10. Bh4 Nbd7 11. Bf1 Re8 12. a4 b6 13. Nd5 Bb7 14. c4 e6 15. Nxf6+ Bxf6 16. Bxf6 Qxf6 17. b4 d5 18. Nc2 Qg5 19. a5 Red8 20. exd5 exd5 21. cxd5 Nf6 22. Qd4 Nxd5 23. h4 Qf6 24. Qxf6 Nxf6 25. Re7 Be4 26. Ne3 b5 27. Rc1 Re8 28. Rec7 Kg7 29. R1c5 Re6 30. Be2 Rd8 31. Ra7 Rd7 32. Rxd7 Nxd7 33. Rc1 Ne5 34. Rd1 Nc6 35. f3 Bb1 36. Kf2 Ba2 37. Nc2 Bb3 38. Rd2 Bxc2 39. Rxc2 Nxb4 40. Rc8 Rc6 41. Rd8 Rc2 42. g4 Nc6 43. Rc8 b4 44. Ke3 b3 45. Bd3 Rc5 46. Rc7 b2 47. Rb7 Rb5 48. Rxb5 axb5 49. a6 Nb4 50. Bb1 Nxa6 51. Kd4 g5 52. hxg5 hxg5 53. Kc3 b4+ 54. Kc4 Kf6 55. Kb5 Nc7+ 56. Kxb4 Ke5 57. Kc3 Kf4 58. Be4 Nb5+ 0-1

[Event "60th Rubinstein Mem"]
[Site "Polanica-Zdroj POL"]
[Date "2024.08.18"]
[Round "2"]
[White "Vincent Keymer"]
[Black "A Sarana"]
[Result "1-0"]
[EventDate "2024.08.17"]
[WhiteElo "2719"]
[BlackElo "2717"]
[PlyCount "96"]

1. c4 e5 2. g3 Nf6 3. Bg2 d5 4. cxd5 Nxd5 5. Nc3 Nb6 6. a3 Nc6 7. b4 Be6 8. Rb1 a6 9. Nf3 Be7 10. O-O O-O 11. d3 f5 12. Bb2 Bf6 13. Nd2 Qd6 14. Nb3 Rad8 15. Nc5 Bc8 16. e3 Kh8 17. Qb3 Be7 18. Ne2 Rde8 19. Rbc1 Nd8 20. e4 f4 21. d4 exd4 22. gxf4 Nc6 23. f5 Qh6 24. Nxd4 Bd6 25. Nf3 Nd7 26. Rfe1 Nde5 27. Nxe5 Nxe5 28. Qe3 Qxe3 29. Rxe3 Ng4 30. Rh3 Nf6 31. Rh4 c6 32. Nd3 Bc7 33. Re1 Rd8 34. Nf4 Rfe8 35. Bc3 Kg8 36. Bf3 Re7 37. Re3 Rde8 38. Nh5 Nd5 39. f6 Nxc3 40. fxe7 Be5 41. Rd3 Kf7 42. Nxg7 Bxg7 43. Rxh7 Rxe7 44. Rxc3 Kg6 45. Rxg7+ Rxg7 46. Bg2 Rd7 47. Bh3 Rd1+ 48. Kg2 1-0

[Event "FIDE World Bl Team Pool A"]
[Site "Astana KAZ"]
[Date "2024.08.05"]
[Round "3.4"]
[White "Vincent Keymer"]
[Black "Altair Adilbekuly"]
[Result "1/2-1/2"]
[EventDate "2024.08.05"]
[WhiteElo "2719"]
[BlackElo "1694"]
[PlyCount "74"]

1. Nf3 Nf6 2. c4 g6 3. Nc3 Bg7 4. g3 O-O 5. Bg2 d5 6. cxd5 Nxd5 7. h4 c5 8. h5 Nc6 9. hxg6 hxg6 10. Qa4 Nf6 11. Qh4 Re8 12. d3 Nd4 13. Nxd4 Qxd4 14. Qxd4 cxd4 15. Nb5 Rd8 16. Bf4 Be6 17. Bxb7 Rab8 18. Bxb8 Rxb8 19. Bc6 Rb6 20. Rc1 Nd5 21. O-O Be5 22. Na3 Nb4 23. Bf3 Bf6 24. Nc4 Rb8 25. a3 Nd5 26. Rc2 Nb6 27. Nxb6 Rxb6 28. b4 a5 29. Rb1 a4 30. b5 Bb3 31. Rc8+ Kg7 32. Bc6 Be5 33. Ra8 Bd6 34. Ra1 Kf6 35. Ra6 Rb8 36. b6 Be6 37. b7 Bf5 1/2-1/2

[Event "FIDE World Bl Team Pool A"]
[Site "Astana KAZ"]
[Date "2024.08.05"]
[Round "4.4"]
[White "Kristina Kim"]
[Black "Vincent Keymer"]
[Result "0-1"]
[EventDate "2024.08.05"]
[WhiteElo "1943"]
[BlackElo "2719"]
[PlyCount "84"]

1. d4 Nf6 2. c4 e6 3. Nc3 Bb4 4. Nf3 d6 5. Qc2 O-O 6. e3 e5 7. Be2 e4 8. Nd2 Re8 9. a3 Bxc3 10. Qxc3 Nc6 11. b4 d5 12. Bb2 Bg4 13. Bxg4 Nxg4 14. h3 Nf6 15. O-O a6 16. Nb3 Ne7 17. Rac1 Ng6 18. Qc2 Nh4 19. Qe2 h6 20. cxd5 Qxd5 21. Nd2 Qd7 22. Rc5 c6 23. Rfc1 Nd5 24. Nf1 Re6 25. Ng3 Rae8 26. Qg4 Ng6 27. R1c2 Qd8 28. Nf5 Qg5 29. Qxg5 hxg5 30. Ng3 Nh4 31. Bc3 f5 32. Bd2 f4 33. Nf1 Rf8 34. a4 Rg6 35. b5 axb5 36. axb5 g4 37. hxg4 Rxg4 38. g3 fxg3 39. Nxg3 Nf5 40. Kg2 Nxg3 41. fxg3 Rf3 42. bxc6 bxc6 0-1

[Event "FIDE World Bl Team Pool A"]
[Site "Astana KAZ"]
[Date "2024.08.05"]
[Round "5.4"]
[White "Vincent Keymer"]
[Black "Alina Bivol"]
[Result "1/2-1/2"]
[EventDate "2024.08.05"]
[WhiteElo "2719"]
[BlackElo "2345"]
[PlyCount "82"]

1. Nf3 d5 2. e3 Nf6 3. c4 e6 4. Nc3 Be7 5. b3 O-O 6. Bb2 b6 7. cxd5 exd5 8. d4 Bb7 9. Bd3 Ne4 10. Qc2 f5 11. O-O Nd7 12. Rac1 a6 13. Ne5 Bd6 14. f3 Nxc3 15. Bxc3 g6 16. f4 Qe7 17. Kh1 Rac8 18. Qe2 Ra8 19. g4 fxg4 20. Qxg4 Nf6 21. Qg3 Bxe5 22. fxe5 Ne4 23. Bxe4 dxe4 24. Rf4 Rxf4 25. Qxf4 Rf8 26. Qg4 Bd5 27. Rg1 Be6 28. Qg5 Qf7 29. Qg3 Qf3+ 30. Qxf3 Rxf3 31. Re1 Rf2 32. a4 c6 33. a5 bxa5 34. Kg1 Rc2 35. Bxa5 Bh3 36. Bc7 Kf7 37. Bd6 Ke6 38. b4 Rg2+ 39. Kh1 Rf2 40. Kg1 Rg2+ 41. Kh1 Rf2 1/2-1/2

[Event "FIDE World Bl Team Final"]
[Site "Astana KAZ"]
[Date "2024.08.05"]
[Round "1.1"]
[White "Amilal Munkhdalai"]
[Black "Vincent Keymer"]
[Result "1/2-1/2"]
[EventDate "2024.08.05"]
[WhiteElo "2374"]
[BlackElo "2719"]
[PlyCount "102"]

1. e4 e5 2. Nf3 Nc6 3. Bb5 a6 4. Ba4 Nf6 5. d3 Bc5 6. O-O b5 7. Bb3 d6 8. a4 Rb8 9. h3 h6 10. Nc3 b4 11. Nd5 Na5 12. Ba2 b3 13. Nxf6+ Qxf6 14. cxb3 Nc6 15. Be3 Bxe3 16. fxe3 Nb4 17. Bb1 O-O 18. d4 Qe7 19. Bd3 Bb7 20. dxe5 dxe5 21. Qe2 Kh8 22. Rad1 f5 23. Bb1 f4 24. exf4 Rxf4 25. Nh2 Rbf8 26. Rxf4 Rxf4 27. Nf3 Bc8 28. Qd2 Kh7 29. Qd8 Qxd8 30. Rxd8 Bxh3 31. Nxe5 Be6 32. Nd3 Nxd3 33. Bxd3 g5 34. Bxa6 Kg7 35. a5 Rxe4 36. Bd3 Re1+ 37. Kf2 Ra1 38. b4 Kf6 39. a6 Ra2 40. Ke3 Ke7 41. Rh8 g4 42. b5 Bd5 43. g3 Rxb2 44. Rxh6 Ra2 45. Rh7+ Kd6 46. Rh4 Ra4 47. Rh6+ Kc5 48. Rh7 Kd6 49. Rh6+ Kc5 50. Rh7 Kd6 51. Rh6+ 1/2-1/2

[Event "FIDE World Bl Team Final"]
[Site "Astana KAZ"]
[Date "2024.08.05"]
[Round "1.2"]
[White "Vincent Keymer"]
[Black "Amilal Munkhdalai"]
[Result "1-0"]
[EventDate "2024.08.05"]
[WhiteElo "2719"]
[BlackElo "2374"]
[PlyCount "66"]

1. Nf3 Nf6 2. c4 e6 3. Nc3 d5 4. e3 b6 5. cxd5 Nxd5 6. d4 Bb7 7. Bb5+ c6 8. Bd3 Be7 9. O-O O-O 10. e4 Nxc3 11. bxc3 c5 12. Qe2 cxd4 13. cxd4 Nc6 14. Bb2 Rc8 15. a3 Na5 16. Rad1 Bc6 17. Ba6 Bb7 18. Bd3 Bc6 19. d5 Ba4 20. dxe6 Bxd1 21. exf7+ Rxf7 22. Rxd1 Qc7 23. e5 Rf4 24. g3 Rff8 25. Qe4 g6 26. e6 Qc6 27. Ne5 Qxe4 28. Bxe4 Nc4 29. Rd7 Nxb2 30. Rxe7 Rfe8 31. Rxa7 Nd1 32. Ng4 Kf8 33. Rf7+ 1-0

[Event "FIDE World Rapid Team"]
[Site "Astana KAZ"]
[Date "2024.08.04"]
[Round "9.4"]
[White "Vincent Keymer"]
[Black "Szymon Gumularz"]
[Result "1-0"]
[EventDate "2024.08.02"]
[WhiteElo "2645"]
[BlackElo "2548"]
[PlyCount "106"]

1. d4 Nf6 2. Nf3 d5 3. e3 Bf5 4. c4 c6 5. Nc3 e6 6. Nh4 Bg6 7. Nxg6 hxg6 8. Bd2 Nbd7 9. Bd3 Bd6 10. cxd5 exd5 11. h4 Qe7 12. Qb3 Nf8 13. O-O-O Ne6 14. f3 O-O-O 15. g4 Kb8 16. Kb1 Ka8 17. Rc1 g5 18. h5 c5 19. Qa4 c4 20. Be2 a6 21. b3 Bb4 22. bxc4 Nxd4 23. exd4 Bxc3 24. Rxc3 Qxe2 25. Qd1 Qe6 26. c5 Nh7 27. Re1 Qc6 28. Qb3 g6 29. h6 Nf8 30. Bxg5 f6 31. Bd2 Ne6 32. Qb4 g5 33. Rce3 Nc7 34. Qb6 Nb5 35. Qxc6 bxc6 36. Rh1 Rh7 37. Rd3 Rdh8 38. a4 Nc7 39. Re3 Re8 40. Rxe8+ Nxe8 41. f4 gxf4 42. Bxf4 Kb7 43. Kc2 Nc7 44. Bxc7 Kxc7 45. Kd3 Kd7 46. Ke3 Ke7 47. Kf4 Ke6 48. Rh2 Kf7 49. Kf5 Rh8 50. h7 Kg7 51. Rh1 Kf7 52. Rh6 Kg7 53. Rxf6 1-0

[Event "FIDE World Rapid Team"]
[Site "Astana KAZ"]
[Date "2024.08.04"]
[Round "11.4"]
[White "Ilia Smirin"]
[Black "Vincent Keymer"]
[Result "1/2-1/2"]
[EventDate "2024.08.02"]
[WhiteElo "2513"]
[BlackElo "2645"]
[PlyCount "112"]

1. e4 c5 2. Nf3 d6 3. d4 cxd4 4. Nxd4 Nf6 5. Nc3 a6 6. Be2 e5 7. Nb3 Be7 8. O-O O-O 9. Kh1 b5 10. a4 b4 11. Nd5 Bb7 12. Nxe7+ Qxe7 13. f3 d5 14. exd5 Bxd5 15. Bg5 Rd8 16. Qe1 Nbd7 17. Rd1 h6 18. Bh4 g5 19. Bf2 Rac8 20. Bd3 Bc4 21. Nd4 Bxd3 22. Rxd3 Kh7 23. Qe2 Nf8 24. Rfd1 Qc7 25. Nb3 Ng6 26. Rxd8 Rxd8 27. Rxd8 Qxd8 28. Qxa6 Nf4 29. Qf1 Qc8 30. Nc5 g4 31. Bg1 Qf5 32. Nd3 N4d5 33. Qe2 gxf3 34. Qxf3 Qg5 35. Nf2 Qg6 36. Qd3 e4 37. Qd4 Nf4 38. g3 N4d5 39. Kg2 Qf5 40. Kf1 Qf3 41. Ke1 e3 42. Qd3+ Kg7 43. Nd1 Qh1 44. Qf1 Ng4 45. h3 Nh2 46. Bxh2 Qxh2 47. Qf3 Qg1+ 48. Ke2 Qh2+ 49. Ke1 Qd2+ 50. Kf1 Qxc2 51. Qxd5 e2+ 52. Ke1 exd1=Q+ 53. Qxd1 Qxb2 54. Qg4+ Kh8 55. Qc8+ Kh7 56. Qf5+ Kg8 1/2-1/2

[Event "FIDE World Rapid Team"]
[Site "Astana KAZ"]
[Date "2024.08.03"]
[Round "6.4"]
[White "Vincent Keymer"]
[Black "Sumiya Chinguun"]
[Result "1-0"]
[EventDate "2024.08.02"]
[WhiteElo "2645"]
[BlackElo "2236"]
[PlyCount "68"]

1. Nf3 Nf6 2. g3 g6 3. Bg2 Bg7 4. c4 d6 5. d4 c6 6. Nc3 O-O 7. e4 Bg4 8. h3 Bxf3 9. Bxf3 e5 10. d5 c5 11. h4 h5 12. g4 hxg4 13. Bxg4 Nxg4 14. Qxg4 Nd7 15. Bg5 Bf6 16. O-O-O Bxg5+ 17. hxg5 Kg7 18. Rh6 Rg8 19. Rdh1 Kf8 20. Rh7 Ke8 21. Rxf7 Kxf7 22. Rh7+ Kf8 23. Rxd7 Rg7 24. Rxd8+ Rxd8 25. Qe6 Rf7 26. Qxg6 Rxf2 27. Nd1 Rf1 28. Kd2 b5 29. Ne3 Rf2+ 30. Ke1 Rf7 31. Nf5 bxc4 32. Qh6+ Kg8 33. Qe6 c3 34. g6 1-0

[Event "FIDE World Rapid Team"]
[Site "Astana KAZ"]
[Date "2024.08.03"]
[Round "7.4"]
[White "Vincent Keymer"]
[Black "Oleg Orlov"]
[Result "1-0"]
[EventDate "2024.08.02"]
[WhiteElo "2645"]
[BlackElo "2216"]
[PlyCount "84"]

1. d4 Nf6 2. c4 e6 3. Nf3 Bb4+ 4. Nbd2 d5 5. Qa4+ Nc6 6. e3 Bd7 7. Qc2 O-O 8. a3 Bxd2+ 9. Bxd2 Re8 10. Rd1 Ne4 11. Bc1 a5 12. b3 Rf8 13. Be2 f5 14. Ne5 Be8 15. O-O Rf6 16. f3 Nd6 17. cxd5 exd5 18. e4 Rf8 19. exd5 Ne7 20. Bg5 h6 21. Bxe7 Qxe7 22. a4 Bf7 23. Rfe1 Bxd5 24. Bc4 Bxc4 25. bxc4 Qg5 26. Qb3 Kh7 27. c5 Ne8 28. Nd7 Nf6 29. Nxf8+ Rxf8 30. Qe3 Qg6 31. d5 Rd8 32. d6 cxd6 33. cxd6 Rd7 34. Qe6 Qg5 35. h4 Qf4 36. Qe5 Qxh4 37. Qxf5+ Kh8 38. Re8+ Nxe8 39. Qxd7 Nf6 40. Qc8+ Kh7 41. d7 Nxd7 42. Qxd7 1-0

[Event "FIDE World Rapid Team"]
[Site "Astana KAZ"]
[Date "2024.08.02"]
[Round "1.4"]
[White "Vincent Keymer"]
[Black "Nurgazy Zheenbekov"]
[Result "1-0"]
[EventDate "2024.08.02"]
[WhiteElo "2645"]
[BlackElo "2065"]
[PlyCount "66"]

1. Nf3 d5 2. g3 Nf6 3. Bg2 g6 4. c4 c6 5. b3 Bg7 6. Bb2 O-O 7. O-O Bf5 8. d3 Qc8 9. Nbd2 Bh3 10. e4 Bxg2 11. Kxg2 a5 12. Re1 e6 13. e5 Nfd7 14. Rc1 Qd8 15. Ba3 Re8 16. Bd6 Na6 17. Qe2 Qb6 18. h4 h5 19. Ng5 a4 20. b4 a3 21. Rb1 Qd8 22. b5 Nac5 23. d4 Na4 24. Rb3 cxb5 25. cxd5 exd5 26. Qf3 Rf8 27. Rxb5 Nab6 28. Reb1 Ra6 29. Bxf8 Qxf8 30. e6 fxe6 31. Nxe6 Qd6 32. Nxg7 Kxg7 33. Qe3 1-0

[Event "FIDE World Rapid Team"]
[Site "Astana KAZ"]
[Date "2024.08.02"]
[Round "2.4"]
[White "Jakhongir Vakhidov"]
[Black "Vincent Keymer"]
[Result "1-0"]
[EventDate "2024.08.02"]
[WhiteElo "2501"]
[BlackElo "2645"]
[PlyCount "62"]

1. c4 Nf6 2. Nc3 e5 3. e3 Bb4 4. Nge2 O-O 5. a3 Be7 6. Nd5 c6 7. Nxe7+ Qxe7 8. Ng3 d5 9. Qc2 Be6 10. b3 a5 11. Bb2 Nbd7 12. Be2 Rfc8 13. O-O a4 14. bxa4 Qd6 15. f4 exf4 16. Rxf4 dxc4 17. Bxc4 Bxc4 18. Rxc4 Ne5 19. Rd4 Qe6 20. Rf1 Rd8 21. Rh4 h6 22. Nf5 Nfd7 23. Rh3 Nf8 24. Rg3 Nfg6 25. d4 Qc4 26. Qb1 Nd3 27. h4 h5 28. d5 Rxd5 29. Ne7+ Kh7 30. Rxf7 Rd4 31. Bxd4 1-0